Statistics for Actors & Trivia: Harry Potter

Click here to take the quiz!

General Stats

  • This quiz has been taken 100 times
  • The average score is 25 of 36

Answer Stats

Character nameactor% Correct
Harry PotterDaniel Radcliffe
100%
Hermione GrangerEmma Watson
99%
Ronald WeasleyRupert Grint
98%
author of the Harry Potter booksJK Rowling
89%
Severus SnapeAlan Rickman
88%
Harry's motherLily Potter
87%
the schoolhogwarts
86%
Harry's fatherJames Potter
86%
the bankGringotts
83%
Slytherin
83%
School housesGryffindor
82%
Draco MalefoyTom Felton
82%
Hufflepuf
81%
Ravenclaw
81%
creature in the chamber of secrets which Harry killsbasilisk
80%
Minerva McGonagallMaggie Smith
80%
snake horcruxNagini
80%
Bellatrix LeStrangeHelena Bonham-Carter
77%
Deathly hallowselder wand
73%
HagridRobbie Coltrane
73%
Ginny WeasleyBonnie Wright
70%
Sirius BlackGary Oldman
70%
Albus Dumbledore (first 2 films)Richard Harris
70%
Albus Dumbledore (the other films)Michael Gambon
68%
Voldemort (from HP4 till HP7)Ralph Fiennes
68%
Cedric DiggoryRobert Pattinson
68%
Luna LovegoodEvanna Lynch
64%
resurrection stone
60%
Neville LongbottomMatthew Lewis
57%
Remus LupinDavid Thewlis
46%
the wand shop ownerOlivander
46%
Director of the first three films)Chris Columbus
40%
cloak of invisibility
39%
Dobby (voice)Toby Jones
36%
Director of the last four filmsDavid Yates
33%
unforgiveable spell that Voldemort used to "kill" Harryavada kedava
17%

Score Distribution

Percentile by Number Answered

Percent of People with Each Score

Your Score History

You have not taken this quiz